000 00510nam a2200169Ia 4500
999 _c766
_d766
003 OSt
005 20200519111452.0
008 190216s9999||||xx |||||||||||||| ||und||
020 _a9788174353832
040 _coclc
082 _a340.59
_bNYA/I
100 _aNyazee, Imran Ahsan Khan
_91734
245 0 _aIslamic Jurisprudence /
_cImran Ahsan Khan Nyazee
260 _bAdam Publishers&Distributors,
_aNew Delhi:
_c2006.
300 _a405p
942 _cBK
_2ddc
_h340.59
_iNYA/I
_k340.59
_mNYA/I